LEADER 00757nam0-22002891i-450- 001 990000026530403321 035 $a000002653 035 $aFED01000002653 035 $a(Aleph)000002653FED01 035 $a000002653 100 $a20011111d--------km-y0itay50------ba 101 0 $aita 105 $ay-------001yy 200 1 $aImperfections in crystals$fH. G. van Bueren. 210 $aAmsterdam$cNorth-Holland publishing company$d1960 215 $aXVIII, 676 p.$cill.$d23 cm 610 0 $aFisica 610 0 $aCristalli 676 $a548 700 1$aBueren,$bH. G. van 801 0$aIT$bUNINA$gRICA$2UNIMARC 901 $aBK 912 $a990000026530403321 952 $a13 B 23 04$b24121$fFINBC 959 $aFINBC 997 $aUNINA DB $aING01 LEADER 01118nam0 22002771i 450 001 UON00455700 005 20231205105103.93 100 $a20150611d1958 |0itac50 ba 101 $afre 102 $aFR 105 $a|||| 1|||| 200 1 $aAlexandre Blok$fUne étude par Sophie Lafitte$gTextes choisis, inédits, bibliographie, portraits, documents, fac-similés$eUne étude par Sophie Lafitte 210 $aParis$cSeghers$d1958 215 $a221 p.$c[6] c. di tav.$d17 cm. 606 $aBLOK ALEKSANDR ALEKSANDROVI?$3UONC038854$2FI 620 $aFR$dParis$3UONL002984 676 $a891.71$cletteratura russa. Poesia$v22 702 1$aBLOK$bAleksandr Aleksandrovi?$3UONV109353 702 1$aLAFITTE$bSophie$3UONV227397 712 $aSeghers$3UONV248119$4650 801 $aIT$bSOL$c20240220$gRICA 899 $aSIBA - SISTEMA BIBLIOTECARIO DI ATENEO$2UONSI 912 $aUON00455700 950 $aSIBA - SISTEMA BIBLIOTECARIO DI ATENEO$dSI RUSSO C 1151 $eSI MR 59925 5 1151 996 $aAlexandre Blok$91322821 997 $aUNIOR